Statistics for World's Busiest Airports

Click here to take the quiz!

General Stats

  • This quiz has been taken 109,799 times
    (31,252 since last reset)
  • The average score is 34 of 50

Answer Stats

#City% Correct
80.1 mLondon (Heathrow)
97%
46.4 mLondon (Gatwick)
97%
46.0 mNew York (Newark)
97%
61.6 mNew York (JFK)
96%
87.5 mLos Angeles
94%
72.2 mParis
94%
42.6 mTokyo (Narita)
91%
87.5 mTokyo (Haneda)
91%
101 mBeijing
90%
45.8 mMoscow (Sheremetyevo)
87%
57.9 mMadrid
86%
43.0 mRome
85%
44.5 mSydney
84%
83.3 mChicago
84%
43.6 mShanghai (Hongqiao)
81%
74.0 mShanghai (Pudong)
81%
69.9 mDelhi
79%
107 mAtlanta
78%
89.1 mDubai
77%
47.7 mMexico City
77%
45.0 mMiami
76%
74.5 mHong Kong
74%
57.7 mSan Francisco
74%
71.0 mAmsterdam
73%
49.5 mToronto
72%
69.1 mDallas
72%
65.6 mSingapore
71%
49.9 mMumbai
70%
68.4 mSeoul
70%
50.1 mBarcelona
69%
68.2 mIstanbul
69%
43.8 mHouston
68%
69.5 mFrankfurt
68%
66.9 mJakarta
67%
63.4 mBangkok
66%
49.8 mSeattle
63%
46.3 mMunich
58%
44.5 mManila
56%
60.0 mKuala Lumpur
55%
69.8 mGuangzhou
52%
64.5 mDenver
50%
49.9 mLas Vegas
46%
46.6 mTaipei
44%
47.7 mOrlando
43%
44.9 mPhoenix
39%
49.3 mShenzhen
26%
44.7 mXi'an
25%
46.4 mCharlotte
23%
53.0 mChengdu
22%
47.2 mKunming
6%

Score Distribution

Percentile by Number Answered

Percent of People with Each Score

Your Score History

You have not taken this quiz since the last reset